ბათუმის შოთა რუსთაველის სახელმწიფო უნივერსიტეტის ბიბლიოთეკა

Экономика государственного сектора= Economics of the public sector. (ბიბ.ჩანაწერი № 36938)

000 -LEADER
fixed length control field 00694nam a2200229Ia 4500
001 - CONTROL NUMBER
control field 2889
003 - CONTROL NUMBER IDENTIFIER
control field GE_BSU
008 - FIXED-LENGTH DATA ELEMENTS--GENERAL INFORMATION
fixed length control field 181216s||||||||xx |||||||||||||| ||und||
020 ## - INTERNATIONAL STANDARD BOOK NUMBER
International Standard Book Number 5211030680
040 ## - CATALOGING SOURCE
Transcribing agency GE_BSU
080 ## - UNIVERSAL DECIMAL CLASSIFICATION NUMBER
Universal Decimal Classification number 338+351.82
100 ## - MAIN ENTRY--PERSONAL NAME
Personal name Стилиц, Дж. Ю.
245 ## - TITLE STATEMENT
Title Экономика государственного сектора= Economics of the public sector.
245 ## - TITLE STATEMENT
Statement of responsibility, etc. Науч. ред. пер. Г. М. Куманин
260 ## - PUBLICATION, DISTRIBUTION, ETC.
Place of publication, distribution, etc. Москва
260 ## - PUBLICATION, DISTRIBUTION, ETC.
Name of publisher, distributor, etc. изд-во МГУ Инфра-М
260 ## - PUBLICATION, DISTRIBUTION, ETC.
Date of publication, distribution, etc. 1997
300 ## - PHYSICAL DESCRIPTION
Extent 720 с.
653 ## - INDEX TERM--UNCONTROLLED
Uncontrolled term Экономика государственного сектора
942 ## - ADDED ENTRY ELEMENTS (KOHA)
Koha item type წიგნი
ეგზემპლარები
Withdrawn status Lost status Damaged status Not for loan Date acquired Barcode Date last seen Price effective from Koha item type Public note
        2018-12-17 7788 2018-12-17 2018-12-17 წიგნი დარბაზი
        2018-12-17 7789 2018-12-17 2018-12-17 წიგნი დარბაზი
        2018-12-17 8103 2018-12-17 2018-12-17 წიგნი დარბაზი
        2018-12-17 8104 2018-12-17 2018-12-17 წიგნი დარბაზი
        2018-12-17 8105 2018-12-17 2018-12-17 წიგნი დარბაზი
        2018-12-17 8106 2018-12-17 2018-12-17 წიგნი დარბაზი